|
|
|
|
| LEADER |
00000nam0a2200000 4500 |
| 001 |
318336 |
| 005 |
20231102003051.0 |
| 010 |
|
|
|a 9785991669818
|
| 035 |
|
|
|a (RuTPU)RU\TPU\book\343834
|
| 090 |
|
|
|a 318336
|
| 100 |
|
|
|a 20160426d2016 m y0rusy50 ca
|
| 101 |
0 |
|
|a rus
|
| 102 |
|
|
|a RU
|
| 105 |
|
|
|a a j 001zy
|
| 200 |
1 |
|
|a Прикладное программирование на EXCEL 2013
|e учебное пособие для прикладного бакалавриата
|f А. А. Казанский
|
| 210 |
|
|
|a Москва
|c Юрайт
|d 2016
|
| 215 |
|
|
|a 160 с.
|c ил.
|
| 225 |
1 |
|
|a Бакалавр. Прикладной курс
|
| 320 |
|
|
|a Библиогр.: с. 159
|
| 330 |
|
|
|a Эта книга излагает современные методы разработки приложений на Excel с помощью программирования на языке VBA (Visual Basic for Application). Рассмотрены не только ключевые методы и понятия программирования, но и даны программы решения прикладных задач по всем темам, представленным в данном учебном пособии. Эти темы легко освоить, если последовательно разбирать лабораторные занятия, предназначенные для достижения необходимого уровня. Учебное пособие содержит также справочный материал по всем рассматриваемым технологиям программирования. Соответствует актуальным требованиям Федерального государственного образовательного стандарта высшего образования и методическим требованиям, предъявляемым к учебным изданиям. Книга предназначена для студентов высших учебных заведений технических и экономических специальностей и всех тех, кто разрабатывает приложения на Excel.
|
| 606 |
1 |
|
|a Excel
|x Электронные таблицы
|2 stltpush
|3 (RuTPU)RU\TPU\subj\10314
|9 37402
|
| 610 |
1 |
|
|a математические формулы
|
| 610 |
1 |
|
|a переменные
|
| 610 |
1 |
|
|a данные
|
| 610 |
1 |
|
|a арифметические выражения
|
| 610 |
1 |
|
|a пользовательские формы
|
| 610 |
1 |
|
|a текстовые файлы
|
| 610 |
1 |
|
|a запись
|
| 610 |
1 |
|
|a чтение
|
| 610 |
1 |
|
|a массивы
|
| 610 |
1 |
|
|a символьные строки
|
| 610 |
1 |
|
|a объектно-ориентированное программирование
|
| 610 |
1 |
|
|a VBA
|
| 610 |
1 |
|
|a диаграммы
|
| 610 |
1 |
|
|a таблицы
|
| 610 |
1 |
|
|a лабораторные работы
|
| 610 |
1 |
|
|a учебные пособия
|
| 675 |
|
|
|a 004.42(075.8)
|v 4
|
| 700 |
|
1 |
|a Казанский
|b А. А.
|g Александр Анатольевич
|
| 801 |
|
1 |
|a RU
|b 63413507
|c 20160426
|
| 801 |
|
2 |
|a RU
|b 63413507
|c 20160609
|g RCR
|
| 900 |
|
|
|a Прикладное программирование
|
| 942 |
|
|
|c BK
|
| 951 |
|
|
|l 8.1
|
| 959 |
|
|
|a 27/20160302
|d 1
|e 399,00
|f ЧЗТЛ:1
|